| 000 | 00762nam a2200265I 4500 | ||
|---|---|---|---|
| 001 | 6681 | ||
| 003 | BD-RjUL | ||
| 005 | 20211208234306.0 | ||
| 008 | 140112t1954 n 1 eng u | ||
| 035 | _a(BD-RjUL)6722 | ||
| 040 |
_cWSU _dBOS _dBD-RjUL _aBD-RjUL _beng |
||
| 041 | _aeng | ||
| 082 | 0 | 4 |
_216 _a361 _bGRS 1954 |
| 090 |
_aHV40 _b.F54 |
||
| 100 | 1 |
_aGreen, Helen D. _921003 |
|
| 245 | 1 | 0 |
_aSocial work practice: _bin community organization / _cHelen D.Green. |
| 260 |
_bWhiteside, inc., and W. Morrow, _cc1954 _aNew York : |
||
| 300 |
_a253 p. ; _c21 cm. |
||
| 504 | _aIncludes index. | ||
| 650 | 0 |
_aSocial service. _921004 |
|
| 650 | 0 |
_aSocial group work. _916781 |
|
| 650 | 0 |
_aCommunity organization. _97131 |
|
| 942 |
_2ddc _cBK |
||
| 999 |
_c6681 _d6681 |
||